<?xml version="1.0" encoding="UTF-8"?><?xml-stylesheet type="text/xsl" href="static/style.xsl"?><OAI-PMH xmlns="http://www.openarchives.org/OAI/2.0/" xmlns:xsi="http://www.w3.org/2001/XMLSchema-instance" xsi:schemaLocation="http://www.openarchives.org/OAI/2.0/ http://www.openarchives.org/OAI/2.0/OAI-PMH.xsd"><responseDate>2026-04-27T21:46:31Z</responseDate><request verb="GetRecord" identifier="oai:uvadoc.uva.es:10324/7129" metadataPrefix="marc">https://uvadoc.uva.es/oai/request</request><GetRecord><record><header><identifier>oai:uvadoc.uva.es:10324/7129</identifier><datestamp>2021-06-29T10:08:47Z</datestamp><setSpec>com_10324_38</setSpec><setSpec>col_10324_852</setSpec></header><metadata><record xmlns="http://www.loc.gov/MARC21/slim" xmlns:doc="http://www.lyncode.com/xoai" xmlns:xsi="http://www.w3.org/2001/XMLSchema-instance" xmlns:dcterms="http://purl.org/dc/terms/" xsi:schemaLocation="http://www.loc.gov/MARC21/slim http://www.loc.gov/standards/marcxml/schema/MARC21slim.xsd">
<leader>00925njm 22002777a 4500</leader>
<datafield tag="042" ind1=" " ind2=" ">
<subfield code="a">dc</subfield>
</datafield>
<datafield tag="720" ind1=" " ind2=" ">
<subfield code="a">Carretero Hidalgo, Juan Manuel</subfield>
<subfield code="e">author</subfield>
</datafield>
<datafield tag="260" ind1=" " ind2=" ">
<subfield code="c">2014</subfield>
</datafield>
<datafield tag="520" ind1=" " ind2=" ">
<subfield code="a">Introducción: Las referencias a los antioxidantes están últimamente muy presentes en los medios de comunicación ya que la publicidad nos da información continua sobre productos alimenticios enriquecidos con vitaminas u otros compuestos que actúan como una barrera contra la “oxidación” de nuestro organismo lo cual es beneficioso y nos protege contra diversas enfermedades o frente el envejecimiento.&#xd;
Justificación: El papel de los antioxidantes en los procesos oxidativos es muy importante ya que pueden contribuir a retrasar los procesos de oxidación y muerte celulares. Recientes estudios epidemiológicos han indicado que seguir el patrón de la dieta mediterránea, con un alto contenido en antioxidantes naturales, contribuye a reducir el riesgo de sufrir distintas enfermedades crónicas.&#xd;
Objetivo: Recopilar y analizar información sobre evidencias de la capacidad protectora de una dieta rica en antioxidantes, como la dieta mediterránea, en la prevención de diferentes enfermedades crónicas.&#xd;
Material y métodos: Se realiza una revisión narrativa, durante los meses de enero y febrero del 2014, de diferentes artículos, revistas, libros y archivos de diferentes sociedades científicas obtenidos en formato electrónico. Se escogen los documentos que respondían al objetivo de nuestro estudio, y los publicados en el presente siglo.&#xd;
Resultados: No existe un acuerdo general sobre los resultados de las últimas investigaciones con respecto a beneficios concretos de una dieta enriquecida en antioxidantes. Esto se justifica indicando que en muchos casos no ha habido un control en las dosis requeridas, pero lo que está demostrado es que seguir una dieta rica en alimentos que aporten estas moléculas de forma variada sí puede disminuir el riesgo de padecer ciertas patologías. Como ejemplo, el último estudio de PREDIMED, que indica que la dieta mediterránea puede reducir un 40% el riesgo de padecer patologías cardíacas.</subfield>
</datafield>
<datafield tag="024" ind2=" " ind1="8">
<subfield code="a">http://uvadoc.uva.es/handle/10324/7129</subfield>
</datafield>
<datafield ind1=" " ind2=" " tag="653">
<subfield code="a">Antioxidantes</subfield>
</datafield>
<datafield ind1=" " ind2=" " tag="653">
<subfield code="a">Nutrición</subfield>
</datafield>
<datafield ind1=" " ind2=" " tag="653">
<subfield code="a">Prevención de enfermedades</subfield>
</datafield>
<datafield tag="245" ind1="0" ind2="0">
<subfield code="a">Dieta antioxidante y prevención de enfermedades</subfield>
</datafield>
</record></metadata></record></GetRecord></OAI-PMH>